000 00312nam a22001457a 4500
008 221121b ||||| |||| 00| 0 eng d
020 _a9781568581057
041 _aeng
080 _a51
082 _a51
100 _a22
101 _aMATE
245 _aTHE MYSTERY OF THE ALEPH
_cACZEL D A
942 _2udc
_cBK
999 _c58965
_d58965